000 00450nam a22001697a 4500
999 _c7620
_d7620
008 190207b ||||| |||| 00| 0 eng d
020 _a9781118974742
082 _a006 W46c 2014
100 _aFaithe wempen.
245 _aComputing Fundamentals;
260 _aUnited kingdom :
_bJohn Wiley and Sons LTD,
_c2014.
300 _axx, 380 p:
_c28 cm.
700 _aRosie Hattersley
700 _aRichard Millett
700 _akate Shoup
942 _2ddc